| 000 | 00416nam a22001577a 4500 | ||
|---|---|---|---|
| 020 | _a0-7445-1050-3 | ||
| 082 |
_a823 _bBAY/J |
||
| 100 | _aBAYNTON, MARTIN | ||
| 245 |
_aJANE AND THE DRAGON _bSAINBURY'S STORY BOOK |
||
| 246 |
_aJANE AND THE DRAGON _bSAINBURY'S STORY BOOK |
||
| 260 |
_aLONDON _bJ,SAINSBURY _c1988 |
||
| 300 | _a15 | ||
| 520 | _aSAINBURY'S STORY BOOK | ||
| 650 | _aSAINBURY'S STORY BOOK | ||
| 942 | _cBK | ||
| 999 |
_c2261 _d2261 |
||